Iskolai egészségnevelés
Elmentve itt :
| Szerző: | |
|---|---|
| Adatforrás: | Meister |
| Forrásdokumentuma: | A Hét. - 35 sz., 1999, 9 p. |
| Nyelv: | magyar |
| Kulcsszavak: | pszichológia pszichoszociológia l: szociálpszichológia mentálhigiéne SWEETSTER W. |
| LEADER | 00480nab a2200169 i 4500 | ||
|---|---|---|---|
| 001 | bibPRO00008008 | ||
| 008 | 060524s1999 xx hun | ||
| 040 | |a Sz1 | ||
| 041 | |a hun | ||
| 100 | 2 | |a ALBERT-LŐRINCZ Enikő | |
| 245 | 1 | 0 | |a Iskolai egészségnevelés |c ALBERT-LŐRINCZ Enikő |
| 695 | |a pszichológia | ||
| 695 | |a pszichoszociológia l: szociálpszichológia | ||
| 695 | |a pszichológia | ||
| 695 | |a mentálhigiéne | ||
| 695 | |a SWEETSTER W. | ||
| 773 | 0 | |t A Hét. - |g 35 sz., 1999, 9 p. | |